书目信息 |
| 题名: |
文选
|
|
| 作者: | 萧统 编纂 ;张启成 , 徐达 译注 | |
| 分册: | 四 | |
| 出版信息: | 北京 中华书局 2019 |
|
| 页数: | 2190-2838页 | |
| 开本: | 21cm | |
| 丛书名: | 中华经典名著全本全注全译丛书 | |
| 单 册: | ||
| 中图分类: | I212.01 | |
| 科图分类: | ||
| 主题词: | 中国文学--zhong guo wen xue--古典文学--作品集 | |
| 电子资源: | ||
| ISBN: | 978-7-101-13933-4 | |
| 000 | 01387oam2 2200289 450 | |
| 001 | 2131065624 | |
| 005 | 20211031085405.47 | |
| 010 | @a978-7-101-13933-4@b精装@dCNY53.00(全6册316.00) | |
| 100 | @a20190921d2019 em y0chiy50 ea | |
| 101 | 0 | @achi |
| 102 | @aCN@b110000 | |
| 105 | @ay z 001zy | |
| 106 | @ar | |
| 200 | 1 | @a文选@Awen xuan@h四@f张启成,徐达译注 |
| 210 | @a北京@c中华书局@d2019 | |
| 215 | @a2190-2838页@d21cm | |
| 225 | 2 | @a中华经典名著全本全注全译丛书@Azhong hua jing dian ming zhu quan ben quan zhu quan yi cong shu |
| 330 | @a本书对《文选》进行译注,《文选》是南朝梁代昭明太子萧统主持编写的我国现存最早的一部诗文总集,收录了上起周代,下至南朝梁代一百三十位作家及若干佚名作者的作品七百六十四篇。此次译注的原文以中华书局1977年影印之清胡克家重刊宋尤袤本李善注《文选》为底本,参校其他版本,每篇作品都有题解和作者介绍,分段加以注译。全书一共六册,每十卷为一册。书前有总目,各册有分册篇名目录,书末附有按音序排列的《文选》著者索引和《文选》篇名索引,检索方便。 | |
| 461 | 0 | @12001 @a中华经典名著全本全注全译丛书 |
| 605 | @a《文选》@Awen xuan@x译文 | |
| 606 | 0 | @a中国文学@Azhong guo wen xue@x古典文学@x作品集 |
| 690 | @aI212.01@v5 | |
| 701 | 0 | @c(梁)@a萧统@Axiao tong@f(501-531)@4编纂 |
| 702 | 0 | @a张启成@Azhang qi cheng@f(1936-)@4译注 |
| 702 | 0 | @a徐达@Axu da@f(1935-)@4译注 |
| 801 | 0 | @aCN@b百万庄@c20211029 |
| 905 | @b1313815-18@dI212.01@e1124:4@f4 | |
| 文选.四/张启成,徐达译注.-北京:中华书局,2019 |
| 2190-2838页;21cm.-(中华经典名著全本全注全译丛书) |
| ISBN 978-7-101-13933-4(精装):CNY53.00(全6册316.00) |
| 本书对《文选》进行译注,《文选》是南朝梁代昭明太子萧统主持编写的我国现存最早的一部诗文总集,收录了上起周代,下至南朝梁代一百三十位作家及若干佚名作者的作品七百六十四篇。此次译注的原文以中华书局1977年影印之清胡克家重刊宋尤袤本李善注《文选》为底本,参校其他版本,每篇作品都有题解和作者介绍,分段加以注译。全书一共六册,每十卷为一册。书前有总目,各册有分册篇名目录,书末附有按音序排列的《文选》著者索引和《文选》篇名索引,检索方便。 |
| ● |
| 相关链接 |
|
|
|
|
正题名:文选
索取号:I212.01/1124:4
 
预约/预借
| 序号 | 登录号 | 条形码 | 馆藏地/架位号 | 状态 | 备注 |
| 1 | 1313815 | 213138157 | 第一样本阅览室/ [索取号:I212.01/1124:4] | 在馆 | |
| 2 | 1313816 | 213138166 | 第二借阅区/ [索取号:I212.01/1124:4] | 在馆 | |
| 3 | 1313817 | 213138175 | 第二借阅区/ [索取号:I212.01/1124:4] | 在馆 | |
| 4 | 1313818 | 213138184 | 第二借阅区/ [索取号:I212.01/1124:4] | 在馆 |